=LDR 00000nam 2200000 4500 =001 INLIS000000000011262 =005 20251213085807 =035 ##$$a 0010-061300000011262 =008 251213################g##########0#ind## =041 ##$$a Ind =082 ##$$a 959.822 72 =090 ##$$a 959-827-72, Gra b =100 ##$$a De Graaf =245 1#$$a Terbunuhnya kapten Tack kemelut di kartasura abad XVII, /$c DR.H.J.De Graaf =260 ##$$a Jakarta :$b Grafitti,$c 1989 =300 ##$$a XIVI, 150 hlm : $b ilus ; $c 21 cm =650 #4$$a kartaswara-sejarah =850 ##$$a NBPNMAT =084 ##$$a 959.822 72 Gra t =990 ##$$a 00033517 =990 ##$$a 07970797